[Event "Titled Tuesday intern op 19th Sep Late"]
[Site "Chess.com INT"]
[Date "2023.09.19"]
[Round "2"]
[White "Ozdemir, Serhan Berat"]
[Black "Andreikin, Dmitry"]
[Result "0-1"]
[WhiteElo "2164"]
[BlackElo "2729"]
[PlyCount "42"]
[EventDate "2023.09.19"]
[EventType "swiss (blitz)"]
[EventRounds "11"]
[EventCountry "USA"]
[SourceTitle "EXT 2024"]
[Source "ChessBase"]
[SourceDate "2023.10.10"]
[SourceVersion "1"]
[SourceVersionDate "2023.10.10"]
[SourceQuality "1"]

1. e4 e5 2. Nf3 Nc6 3. d4 exd4 4. Bc4 Be7 5. c3 Nf6 6. e5 Ne4 7. Bd5 f5 8. cxd4 Nb4 9. Bb3 d5 10. exd6 Qxd6 11. Ne5 Be6 12. Bf4 Qa6 13. Nc3 Bxb3 14. Qxb3 0-0-0 15. a3 Rxd4 16. axb4 Qxa1+ 17. Ke2 Qxh1 18. Nb5 Qd1+ 19. Qxd1 Rxd1 20. Kxd1 a6 21. Nd4 Rd8 0-1

[Event "Titled Tuesday intern op 19th Sep Late"]
[Site "Chess.com INT"]
[Date "2023.09.19"]
[Round "4"]
[White "Ozdemir, Serhan Berat"]
[Black "Ozcan, Kaan"]
[Result "0-1"]
[WhiteElo "2164"]
[BlackElo "2174"]
[PlyCount "64"]
[EventDate "2023.09.19"]
[EventType "swiss (blitz)"]
[EventRounds "11"]
[EventCountry "USA"]
[SourceTitle "EXT 2024"]
[Source "ChessBase"]
[SourceDate "2023.10.10"]
[SourceVersion "1"]
[SourceVersionDate "2023.10.10"]
[SourceQuality "1"]

1. e4 e6 2. d4 d5 3. Nd2 dxe4 4. Nxe4 Nd7 5. Nf3 Ngf6 6. Bd3 b6 7. Qe2 Bb7 8. Nxf6+ Nxf6 9. Bf4 Bd6 10. Bg5 h6 11. Bd2 Qe7 12. Bb5+ c6 13. Bd3 0-0-0 14. 0-0-0 Nd5 15. Ne5 Qf6 16. Ba6 Kb8 17. Rhe1 Nf4 18. Qe4 Nd5 19. Bxb7 Kxb7 20. c4 Ne7 21. f4 Bxe5 22. dxe5 Qf5 23. Qf3 Rd3 24. Re3 Rxe3 25. Bxe3 Kc7 26. Rd6 Rc8 27. Qd1 Kb8 28. Rd7 Qe4 29. Qd6+ Ka8 30. Bd2 Qxc4+ 31. Bc3 Nd5 32. Qe7 Nxe7 0-1

[Event "Istanbul op"]
[Site "Istanbul"]
[Date "2023.08.30"]
[Round "6"]
[White "Ozdemir, Serhan Berat"]
[Black "Akshat, Khamparia"]
[Result "1-0"]
[WhiteElo "2194"]
[BlackElo "2401"]
[PlyCount "61"]
[EventDate "2023.08.26"]
[EventType "swiss"]
[EventRounds "9"]
[EventCountry "TUR"]
[SourceTitle "EXT 2024"]
[Source "ChessBase"]
[SourceDate "2023.10.10"]
[SourceVersion "1"]
[SourceVersionDate "2023.10.10"]
[SourceQuality "1"]

1. e4 c5 2. Nf3 d6 3. d4 cxd4 4. Nxd4 Nf6 5. Nc3 Nc6 6. Bg5 e6 7. Qd2 a6 8. 0-0-0 Bd7 9. f4 Be7 10. Nf3 b5 11. Bxf6 gxf6 12. Kb1 Qa5 13. g3 Rc8 14. f5 b4 15. Ne2 Ne5 16. Nxe5 Qxe5 17. Nd4 a5 18. Bh3 h5 19. Rhe1 h4 20. Nf3 Qc5 21. fxe6 fxe6 22. e5 hxg3 23. Bxe6 Bxe6 24. exd6 Qxd6 25. Qxd6 Bxd6 26. Rxe6+ Be7 27. hxg3 Kf7 28. Re4 Rcd8 29. Rf1 Rd5 30. Ne5+ Kg7 31. Rg4+ 1-0

[Event "Titled Tuesday intern op 22nd Aug Late"]
[Site "Chess.com INT"]
[Date "2023.08.22"]
[Round "1"]
[White "Petr, Jan1111"]
[Black "Ozdemir, Serhan Berat"]
[Result "1-0"]
[WhiteElo "2282"]
[BlackElo "2194"]
[PlyCount "55"]
[EventDate "2023.08.22"]
[EventType "swiss (blitz)"]
[EventRounds "11"]
[EventCountry "USA"]
[SourceTitle "EXT 2024"]
[Source "ChessBase"]
[SourceDate "2023.10.10"]
[SourceVersion "1"]
[SourceVersionDate "2023.10.10"]
[SourceQuality "1"]

1. d4 Nf6 2. Bg5 g6 3. Bxf6 exf6 4. e3 d5 5. c4 dxc4 6. Bxc4 Bg7 7. Nc3 0-0 8. Nge2 c6 9. a3 Nd7 10. h4 Nb6 11. Ba2 Qe7 12. h5 Be6 13. Bxe6 Qxe6 14. Nf4 Qf5 15. hxg6 hxg6 16. Qb3 Rfe8 17. 0-0-0 Rac8 18. g4 Qg5 19. Kb1 Qxg4 20. Rc1 Qf5+ 21. Ka1 c5 22. dxc5 Rxc5 23. Rcg1 Kf8 24. Rh7 Rec8 25. Nh5 Rxc3 26. bxc3 Qe5 27. Rxg7 Rxc3 28. Qxf7# 1-0

[Event "Titled Tuesday intern op 08th Aug Late"]
[Site "Chess.com INT"]
[Date "2023.08.08"]
[Round "3"]
[White "Perez Ponsa, Federico"]
[Black "Ozdemir, Serhan Berat"]
[Result "1-0"]
[WhiteElo "2527"]
[BlackElo "2194"]
[PlyCount "35"]
[EventDate "2023.08.08"]
[EventType "swiss (blitz)"]
[EventRounds "11"]
[EventCountry "USA"]
[SourceTitle "EXT 2024"]
[Source "ChessBase"]
[SourceDate "2023.10.10"]
[SourceVersion "1"]
[SourceVersionDate "2023.10.10"]
[SourceQuality "1"]

1. e4 c5 2. Nf3 e6 3. d4 cxd4 4. Nxd4 a6 5. Nc3 b5 6. Bd3 Qb6 7. Nf3 Qc7 8. 0-0 Bb7 9. Re1 Be7 10. Bd2 Nc6 11. a4 b4 12. Nd5 exd5 13. exd5 Nd8 14. Bxb4 d6 15. c4 Nf6 16. Qe2 Rb8 17. Ba5 Qd7 18. Bf5 1-0

[Event "TUR Cup"]
[Site "Denizli"]
[Date "2023.07.22"]
[Round "9"]
[White "Ozdemir, Serhan Berat"]
[Black "Bektas, Cagan Erdem"]
[Result "1-0"]
[WhiteElo "2227"]
[BlackElo "1749"]
[PlyCount "171"]
[EventDate "2023.07.16"]
[EventType "team-tourn"]
[EventRounds "9"]
[EventCountry "TUR"]
[SourceTitle "CBM 215 Extra"]
[Source "ChessBase"]
[SourceDate "2023.09.30"]
[SourceVersion "1"]
[SourceVersionDate "2023.09.30"]
[SourceQuality "1"]

1. e4 c5 2. Nf3 Nc6 3. Bb5 g6 4. Bxc6 dxc6 5. d3 Bg7 6. h3 e5 7. Nbd2 b6 8. Nc4 f6 9. a4 a5 10. Be3 Be6 11. b3 Nh6 12. Qd2 Nf7 13. g4 Qc7 14. Qc3 g5 15. Nfd2 h5 16. Rg1 hxg4 17. hxg4 Rh3 18. 0-0-0 b5 19. axb5 cxb5 20. Na3 Rxe3 21. Nxb5 Qc6 22. fxe3 Qxb5 23. Kb2 Nd6 24. Ra1 Qb6 25. Kc1 Ke7 26. Nc4 Nxc4 27. bxc4 Kf7 28. Rb1 Qc7 29. Kd2 a4 30. Qa3 Bf8 31. Ke2 Qd7 32. Kf3 Kg6 33. Rb6 Bd6 34. d4 Rh8 35. Qd3 cxd4 36. exd4 Rh3+ 37. Rg3 Bxg4+ 38. Kg2 Rxg3+ 39. Kxg3 exd4+ 40. Rxd6 Qxd6+ 41. e5+ Bf5 42. exd6 Bxd3 43. d7 a3 44. d8Q a2 45. Qg8+ Kh6 46. Qa8 Bxc4 47. Qh1+ Kg7 48. Qa1 d3 49. cxd3 Be6 50. Kf3 Kf7 51. Ke4 Bb3 52. Qf1 Ke7 53. Qe1 Ke6 54. Qa5 Kf7 55. d4 Kg6 56. d5 g4 57. d6 Be6 58. Qc3 Kg5 59. Qc1+ Kg6 60. Kd4 Kf5 61. Qf1+ Kg5 62. Kc3 f5 63. Kb2 g3 64. Qe1 g2 65. Qxe6 a1Q+ 66. Kxa1 g1Q+ 67. Kb2 Qd4+ 68. Kb3 Qd1+ 69. Kb4 Qd2+ 70. Kb5 Qd3+ 71. Kb6 Qd4+ 72. Kb7 Qb4+ 73. Kc8 Qc5+ 74. Kd8 f4 75. Ke8 Qc6+ 76. Kf7 f3 77. d7 Qb7 78. Qe7+ Kg4 79. d8Q Qb3+ 80. Qe6+ Qxe6+ 81. Kxe6 Kg3 82. Qg5+ Kh2 83. Qh4+ Kg2 84. Qg4+ Kf2 85. Ke5 Ke3 86. Qe4+ 1-0

[Event "Titled Tuesday intern op 04th Jul Early"]
[Site "Chess.com INT"]
[Date "2023.07.04"]
[Round "9"]
[White "Harsh, Suresh"]
[Black "Ozdemir, Serhan Berat"]
[Result "1-0"]
[WhiteElo "2324"]
[BlackElo "2227"]
[PlyCount "87"]
[EventDate "2023.07.04"]
[EventType "swiss (blitz)"]
[EventRounds "11"]
[EventCountry "USA"]
[SourceTitle "EXT 2024"]
[Source "ChessBase"]
[SourceDate "2023.10.10"]
[SourceVersion "1"]
[SourceVersionDate "2023.10.10"]
[SourceQuality "1"]

1. e4 c5 2. Nc3 e6 3. g3 d5 4. exd5 exd5 5. Bg2 Nf6 6. Nge2 Nc6 7. d3 Be7 8. 0-0 d4 9. Ne4 Nxe4 10. Bxe4 0-0 11. Nf4 Bd6 12. Re1 Bd7 13. a3 Rb8 14. Qh5 g6 15. Qf3 Ne5 16. Qh1 Bc6 17. Nd5 f5 18. Bg2 Kg7 19. Bf4 Nf7 20. Bxd6 Qxd6 21. Nf4 Rfe8 22. Bxc6 bxc6 23. b3 a5 24. a4 Re5 25. Rxe5 Nxe5 26. Re1 Re8 27. Kf1 Qd7 28. h4 Ng4 29. Rxe8 Qxe8 30. h5 g5 31. Ne2 h6 32. Ke1 Qe6 33. Kd2 Qd5 34. Qxd5 cxd5 35. f4 Kf6 36. c3 Nf2 37. cxd4 cxd4 38. Nxd4 gxf4 39. gxf4 Ng4 40. b4 axb4 41. a5 b3 42. a6 b2 43. Kc2 Ne3+ 44. Kxb2 1-0

[Event "Titled Tuesday intern op 04th Jul Early"]
[Site "Chess.com INT"]
[Date "2023.07.04"]
[Round "2"]
[White "Ozdemir, Serhan Berat"]
[Black "Deac, Bogdan Daniel"]
[Result "1/2-1/2"]
[WhiteElo "2227"]
[BlackElo "2693"]
[PlyCount "97"]
[EventDate "2023.07.04"]
[EventType "swiss (blitz)"]
[EventRounds "11"]
[EventCountry "USA"]
[SourceTitle "EXT 2024"]
[Source "ChessBase"]
[SourceDate "2023.10.10"]
[SourceVersion "1"]
[SourceVersionDate "2023.10.10"]
[SourceQuality "1"]

1. e4 Nf6 2. Nc3 d5 3. exd5 Nxd5 4. Bc4 Nb6 5. Bb3 Nc6 6. Nf3 Na5 7. d4 Nxb3 8. axb3 g6 9. h3 Bg7 10. 0-0 0-0 11. Re1 h6 12. Be3 Nd7 13. Qd2 Kh7 14. Rad1 Nf6 15. d5 Bd7 16. Bc5 Re8 17. Ne5 Kg8 18. Be3 h5 19. Bh6 Bf5 20. Bxg7 Kxg7 21. Re2 Qd6 22. Qd4 Kg8 23. g4 Bc8 24. Nb5 Qd8 25. Qf4 a6 26. Nc3 Rf8 27. f3 Qd6 28. Kg2 b5 29. Qh6 b4 30. Na4 Bb7 31. Rdd2 Bxd5 32. c4 bxc3 33. bxc3 Qa3 34. c4 Bb7 35. Nc3 Rad8 36. Nd5 Bxd5 37. cxd5 Rxd5 38. Rxd5 Nxd5 39. Nxg6 fxg6 40. Qxg6+ Kh8 41. Qh6+ Kg8 42. Qg6+ Kh8 43. Qxh5+ Kg7 44. Qxd5 Qd6 45. Qg5+ Kf7 46. Qh5+ Kg7 47. Qg5+ Kf7 48. Qh5+ Kg7 49. Qg5+ 1/2-1/2

[Event "Cesme op-A 9th"]
[Site "Cesme"]
[Date "2023.06.24"]
[Round "8"]
[White "Ozdemir, Serhan Berat"]
[Black "Bogdanov, Egor"]
[Result "0-1"]
[WhiteElo "2223"]
[BlackElo "2398"]
[PlyCount "72"]
[EventDate "2023.06.19"]
[EventType "swiss"]
[EventRounds "9"]
[EventCountry "TUR"]
[SourceTitle "CBM 214 Extra"]
[Source "ChessBase"]
[SourceDate "2023.07.31"]
[SourceVersion "1"]
[SourceVersionDate "2023.07.31"]
[SourceQuality "1"]

1. e4 g6 2. d4 Bg7 3. Nc3 d6 4. Nf3 a6 5. Be3 b5 6. Bd3 Bb7 7. a4 b4 8. Ne2 Nf6 9. Ng3 Nbd7 10. Qd2 c5 11. c3 h5 12. Bg5 bxc3 13. bxc3 Qa5 14. 0-0 h4 15. Rab1 cxd4 16. cxd4 Qxd2 17. Nxd2 hxg3 18. Rxb7 gxf2+ 19. Kxf2 Ng4+ 20. Kg3 Nxh2 21. Rc1 Bxd4 22. Rcc7 Be5+ 23. Bf4 Bf6 24. Bxd6 Rd8 25. Bxa6 Bh4+ 26. Kf4 Bf2 27. Rxd7 Rh4+ 28. Kg5 Rh5+ 29. Kf4 Rxd7 30. Rb8+ Rd8 31. Bc7 Rxb8 32. Bxb8 Rh4+ 33. Kg5 Rg4+ 34. Kh6 Kf8 35. Nc4 Rh4+ 36. Kg5 Kg7 0-1

[Event "Cesme op-A 9th"]
[Site "Cesme"]
[Date "2023.06.20"]
[Round "3"]
[White "Ozdemir, Serhan Berat"]
[Black "Akbas, Umut Ata"]
[Result "0-1"]
[WhiteElo "2223"]
[BlackElo "2405"]
[PlyCount "82"]
[EventDate "2023.06.19"]
[EventType "swiss"]
[EventRounds "9"]
[EventCountry "TUR"]
[SourceTitle "CBM 214 Extra"]
[Source "ChessBase"]
[SourceDate "2023.07.31"]
[SourceVersion "1"]
[SourceVersionDate "2023.07.31"]
[SourceQuality "1"]

1. e4 c5 2. Nf3 d6 3. d4 cxd4 4. Nxd4 Nf6 5. Nc3 Nc6 6. Bg5 e6 7. Qd2 Be7 8. 0-0-0 a6 9. f4 Bd7 10. Kb1 0-0 11. Nf3 Qa5 12. Qe1 h6 13. Bh4 Qc7 14. e5 dxe5 15. fxe5 Nd5 16. Nxd5 exd5 17. Bxe7 Nxe7 18. Bd3 Nc6 19. Qc3 Bg4 20. Be2 Rfd8 21. h3 Be6 22. Rhe1 Rac8 23. Nd4 Qe7 24. Qe3 Re8 25. Bf3 Qh4 26. Nxc6 bxc6 27. Qc5 Qg3 28. Re3 Qg5 29. Rde1 Bf5 30. g4 Bd7 31. c4 Qf4 32. Qa7 Be6 33. cxd5 cxd5 34. Rd1 Qh2 35. Be2 Rc6 36. Qd4 Rec8 37. a3 Rb8 38. Rc3 Rxc3 39. Qxc3 Qxe2 40. Rd2 Qe1+ 41. Kc2 Rc8 0-1

[Event "Titled Tuesday intern op 09th May Late"]
[Site "Chess.com INT"]
[Date "2023.05.09"]
[Round "7"]
[White "Ozdemir, Serhan Berat"]
[Black "Gorshtein, Ido"]
[Result "0-1"]
[WhiteElo "2223"]
[BlackElo "2514"]
[PlyCount "58"]
[EventDate "2023.05.09"]
[EventType "swiss (blitz)"]
[EventRounds "11"]
[EventCountry "USA"]
[SourceTitle "CBM 214 Extra"]
[Source "ChessBase"]
[SourceDate "2023.07.31"]
[SourceVersion "1"]
[SourceVersionDate "2023.07.31"]
[SourceQuality "1"]

1. e4 c5 2. Nf3 Nc6 3. Bb5 e6 4. 0-0 Nge7 5. d4 cxd4 6. Nxd4 Ng6 7. Nc3 Qc7 8. Be3 Bd6 9. h3 Be5 10. Be2 0-0 11. Qd2 a6 12. Rad1 b5 13. a3 Bb7 14. Nb3 Nf4 15. Bxf4 Bxf4 16. Qxd7 Qb6 17. Qd3 Rac8 18. Qf3 Be5 19. Rd3 Bf6 20. Qh5 Ne5 21. Rg3 g6 22. Qh6 Bg7 23. Qd2 Rfd8 24. Qe1 h5 25. Kh2 h4 26. Re3 Bh6 27. f4 Qxe3 28. fxe5 Bf4+ 29. Kh1 Bg3 0-1

[Event "Titled Tuesday intern op 02nd May Late"]
[Site "Chess.com INT"]
[Date "2023.05.02"]
[Round "2"]
[White "Ozdemir, Serhan Berat"]
[Black "Kovacs, Klara"]
[Result "0-1"]
[WhiteElo "2223"]
[BlackElo "2121"]
[PlyCount "54"]
[EventDate "2023.05.02"]
[EventType "swiss (blitz)"]
[EventRounds "11"]
[EventCountry "USA"]
[SourceTitle "EXT 2024"]
[Source "ChessBase"]
[SourceDate "2023.10.10"]
[SourceVersion "1"]
[SourceVersionDate "2023.10.10"]
[SourceQuality "1"]

1. e4 e6 2. d4 d5 3. Nd2 Ne7 4. Ngf3 c5 5. dxc5 a5 6. Bd3 Na6 7. exd5 Nxd5 8. Ne4 Nxc5 9. Nxc5 Bxc5 10. 0-0 h6 11. Qe2 0-0 12. c3 b6 13. Rd1 Qc7 14. Qe4 f5 15. Qe2 Kh8 16. Ne5 Kh7 17. Re1 Bd6 18. Nf3 Bb7 19. Qxe6 Rae8 20. Qxe8 Rxe8 21. Rxe8 Ne7 22. Nd4 Bxh2+ 23. Kh1 g6 24. Bd2 Bd6 25. Re1 Bc5 26. Bf1 g5 27. Ne6 Qc6 0-1

[Event "Titled Tuesday intern op 02nd May Late"]
[Site "Chess.com INT"]
[Date "2023.05.02"]
[Round "3"]
[White "Willathgamuwa, Kevin"]
[Black "Ozdemir, Serhan Berat"]
[Result "0-1"]
[WhiteElo "2062"]
[BlackElo "2223"]
[PlyCount "66"]
[EventDate "2023.05.02"]
[EventType "swiss (blitz)"]
[EventRounds "11"]
[EventCountry "USA"]
[SourceTitle "EXT 2024"]
[Source "ChessBase"]
[SourceDate "2023.10.10"]
[SourceVersion "1"]
[SourceVersionDate "2023.10.10"]
[SourceQuality "1"]

1. e4 c5 2. c3 d5 3. exd5 Qxd5 4. d4 Nc6 5. Nf3 Bg4 6. Be2 e6 7. h3 Bh5 8. 0-0 Nf6 9. Be3 cxd4 10. Nxd4 Bxe2 11. Qxe2 Nxd4 12. Bxd4 Be7 13. Rd1 Qc6 14. c4 0-0 15. Nc3 a6 16. b3 Rfd8 17. Rd3 b5 18. cxb5 axb5 19. Be5 Rxd3 20. Qxd3 b4 21. Na4 Nd5 22. Bb2 Rc8 23. Rc1 Qd7 24. Rxc8+ Qxc8 25. Qd4 Bf6 26. Qd2 Bc3 27. Bxc3 bxc3 28. Qc2 g6 29. a3 Qb8 30. b4 Qe5 31. Kf1 Qd4 32. Nc5 Qc4+ 33. Qd3 Qa2 0-1

[Event "Titled Tuesday intern op 28th Mar Late"]
[Site "Chess.com INT"]
[Date "2023.03.28"]
[Round "2"]
[White "Ozdemir, Serhan Berat"]
[Black "Tsukerman, Julia"]
[Result "1-0"]
[WhiteElo "2200"]
[BlackElo "1741"]
[PlyCount "73"]
[EventDate "2023.03.28"]
[EventType "swiss (blitz)"]
[EventRounds "11"]
[EventCountry "USA"]
[SourceTitle "EXT 2024"]
[Source "ChessBase"]
[SourceDate "2023.10.10"]
[SourceVersion "1"]
[SourceVersionDate "2023.10.10"]
[SourceQuality "1"]

1. e4 c5 2. Nf3 d6 3. d4 cxd4 4. Nxd4 Nf6 5. Nc3 a6 6. Bg5 e6 7. f4 Be7 8. Qf3 Nbd7 9. 0-0-0 Qc7 10. g4 b5 11. a3 Bb7 12. Bxf6 Nxf6 13. g5 Nd7 14. h4 Nc5 15. h5 Rc8 16. Bh3 Qa5 17. Kb1 Qb6 18. g6 Bf6 19. gxf7+ Kxf7 20. Rhg1 Rhe8 21. Qe2 Re7 22. e5 dxe5 23. fxe5 Bh4 24. Qg4 Kg8 25. Qxh4 Rce8 26. h6 g6 27. Rgf1 Na4 28. Nxa4 bxa4 29. Qf6 Bd5 30. Nf5 Rb7 31. Qg7+ Rxg7 32. Nxg7 Rb8 33. b4 axb3 34. c4 b2 35. Rf4 Qb3 36. Bxe6+ Bxe6 37. Rdf1 1-0

[Event "EU-ch 23rd"]
[Site "Vrnjacka Banja"]
[Date "2023.03.12"]
[Round "10"]
[White "Ozdemir, Serhan Berat"]
[Black "Roebers, Eline"]
[Result "0-1"]
[WhiteElo "2200"]
[BlackElo "2362"]
[PlyCount "58"]
[EventDate "2023.03.03"]
[EventType "swiss"]
[EventRounds "11"]
[EventCountry "SRB"]
[SourceTitle "CBM 213"]
[Source "ChessBase"]
[SourceDate "2023.04.30"]
[SourceVersion "1"]
[SourceVersionDate "2023.04.30"]
[SourceQuality "1"]

1. e4 e6 2. d4 d5 3. Nd2 c5 4. exd5 Qxd5 5. Ngf3 cxd4 6. Bc4 Qd7 7. 0-0 Nc6 8. Nb3 a6 9. Nbxd4 Nxd4 10. Nxd4 Qc7 11. Bb3 Bd6 12. Re1 Bxh2+ 13. Kh1 Nf6 14. Nf5 0-0 15. Nxg7 Rd8 16. Qf3 Kxg7 17. Bh6+ Kg6 18. c3 Nh5 19. Re4 Kxh6 20. Rh4 Qe5 21. Bd1 Rxd1+ 22. Rxd1 Bf4 23. g3 Qg5 24. Kg2 Qxh4 25. gxh4 e5 26. Rd6+ f6 27. Qd5 Bf5 28. Qf7 Rg8+ 29. Kf1 e4 0-1

[Event "EU-ch 23rd"]
[Site "Vrnjacka Banja"]
[Date "2023.03.07"]
[Round "5"]
[White "Willow, Jonah B"]
[Black "Ozdemir, Serhan Berat"]
[Result "1-0"]
[WhiteElo "2459"]
[BlackElo "2200"]
[PlyCount "71"]
[EventDate "2023.03.03"]
[EventType "swiss"]
[EventRounds "11"]
[EventCountry "SRB"]
[SourceTitle "CBM 213"]
[Source "ChessBase"]
[SourceDate "2023.04.30"]
[SourceVersion "1"]
[SourceVersionDate "2023.04.30"]
[SourceQuality "1"]

1. e4 c5 2. Nf3 e6 3. d4 cxd4 4. Nxd4 Nc6 5. Nc3 Qc7 6. Be3 a6 7. g4 Bb4 8. Nxc6 Qxc6 9. Qd4 Bxc3+ 10. bxc3 Ne7 11. Qxg7 Rg8 12. Qd4 d6 13. f3 e5 14. Qb4 Be6 15. 0-0-0 0-0-0 16. Be2 Rd7 17. c4 Kb8 18. Rd2 Nc8 19. Rhd1 Rgd8 20. Rd5 f6 21. Ra5 Rc7 22. g5 fxg5 23. Rxe5 dxe5 24. Rxd8 g4 25. c5 gxf3 26. Bxf3 Bxa2 27. Qb6 Be6 28. Kb2 Bd7 29. Rh8 Qb5+ 30. Qxb5 Bxb5 31. Kb3 Rf7 32. Bh5 Rg7 33. Bh6 Rc7 34. Bg4 Bd7 35. Bg7 Bxg4 36. Bxe5 1-0

[Event "EU-ch 23rd"]
[Site "Vrnjacka Banja"]
[Date "2023.03.05"]
[Round "3"]
[White "Iliaguev, Nisim"]
[Black "Ozdemir, Serhan Berat"]
[Result "0-1"]
[WhiteElo "2412"]
[BlackElo "2200"]
[PlyCount "62"]
[EventDate "2023.03.03"]
[EventType "swiss"]
[EventRounds "11"]
[EventCountry "SRB"]
[SourceTitle "CBM 213"]
[Source "ChessBase"]
[SourceDate "2023.04.30"]
[SourceVersion "1"]
[SourceVersionDate "2023.04.30"]
[SourceQuality "1"]

1. d4 Nf6 2. g3 c5 3. Nf3 cxd4 4. Nxd4 e5 5. Nb3 d5 6. Bg2 a5 7. a4 Bb4+ 8. c3 Be7 9. 0-0 h6 10. Na3 Nc6 11. Nb5 0-0 12. Be3 Bf5 13. Qd2 b6 14. Rfd1 Rc8 15. f4 e4 16. h3 h5 17. Kh2 Rb8 18. N3d4 Bd7 19. Nxc6 Bxc6 20. Bd4 Re8 21. e3 Qd7 22. Qe2 Bxb5 23. axb5 Qf5 24. Rd2 Nd7 25. g4 hxg4 26. hxg4 Qh7+ 27. Kg1 Qh4 28. Rad1 Rbc8 29. g5 Nc5 30. Bxc5 Bxc5 31. Qf2 Qg4 0-1

[Event "Titled Tuesday intern op 21st Feb Late"]
[Site "Chess.com INT"]
[Date "2023.02.21"]
[Round "3"]
[White "Ozdemir, Serhan Berat"]
[Black "Risteski, Emil"]
[Result "0-1"]
[WhiteElo "2200"]
[BlackElo "2366"]
[PlyCount "66"]
[EventDate "2023.02.21"]
[EventType "swiss (blitz)"]
[EventRounds "11"]
[EventCountry "USA"]
[SourceTitle "CBM 212 Extra"]
[Source "ChessBase"]
[SourceDate "2023.03.31"]
[SourceVersion "1"]
[SourceVersionDate "2023.03.31"]
[SourceQuality "1"]

1. e4 d6 2. d4 Nf6 3. Nc3 e5 4. Nge2 Be7 5. h3 0-0 6. g4 b5 7. a3 Bb7 8. Bg2 a5 9. Ng3 b4 10. Nce2 exd4 11. Nxd4 Re8 12. 0-0 Bf8 13. Re1 h6 14. g5 hxg5 15. Bxg5 Nbd7 16. Nh5 g6 17. Nxf6+ Nxf6 18. e5 Rxe5 19. Rxe5 Bxg2 20. Re3 Bb7 21. axb4 axb4 22. Rxa8 Bxa8 23. Nf3 Bg7 24. Qd4 c5 25. Qf4 Bb7 26. Qh4 d5 27. Ne5 d4 28. Ng4 dxe3 29. Nxf6+ Bxf6 30. Bxf6 Qd1+ 31. Kh2 Qh1+ 32. Kg3 Qf3+ 33. Kh2 Qg2# 0-1

[Event "Titled Tuesday intern op 07th Feb Late"]
[Site "Chess.com INT"]
[Date "2023.02.07"]
[Round "1"]
[White "Deac, Bogdan Daniel"]
[Black "Ozdemir, Serhan Berat"]
[Result "1-0"]
[WhiteElo "2700"]
[BlackElo "2200"]
[PlyCount "51"]
[EventDate "2023.02.07"]
[EventType "swiss (blitz)"]
[EventRounds "11"]
[EventCountry "USA"]
[SourceTitle "EXT 2024"]
[Source "ChessBase"]
[SourceDate "2023.10.10"]
[SourceVersion "1"]
[SourceVersionDate "2023.10.10"]
[SourceQuality "1"]

1. b3 e5 2. Bb2 Nc6 3. Nf3 e4 4. Nd4 Nxd4 5. Bxd4 Nf6 6. c4 d5 7. e3 c5 8. Bxf6 Qxf6 9. Nc3 dxc4 10. Bxc4 Qg6 11. Bb5+ Bd7 12. Bxd7+ Kxd7 13. Qe2 Re8 14. 0-0-0 Kc8 15. d3 exd3 16. Rxd3 Be7 17. Rhd1 Qc6 18. Qg4+ Kb8 19. Rd7 Bf6 20. Nd5 a6 21. Rc7 Qd6 22. Qd7 Qxd7 23. Rxd7 Be5 24. Rxf7 Rc8 25. Nb6 Rc6 26. Nd7+ 1-0

[Event "Titled Tuesday intern op 17th Jan Late"]
[Site "Chess.com INT"]
[Date "2023.01.17"]
[Round "1"]
[White "Ozdemir, Serhan Berat"]
[Black "Dominguez Perez, Leinier"]
[Result "0-1"]
[WhiteElo "2200"]
[BlackElo "2743"]
[PlyCount "76"]
[EventDate "2023.01.17"]
[EventType "swiss (blitz)"]
[EventRounds "11"]
[EventCountry "USA"]
[SourceTitle "CBM 212 Extra"]
[Source "ChessBase"]
[SourceDate "2023.03.31"]
[SourceVersion "1"]
[SourceVersionDate "2023.03.31"]
[SourceQuality "1"]

1. e4 Nf6 2. Nc3 d5 3. exd5 Nxd5 4. Bc4 Nb6 5. Bb3 Nc6 6. Nf3 Bf5 7. d4 e6 8. 0-0 Na5 9. h3 Be7 10. Re1 0-0 11. Bf4 Nxb3 12. axb3 a6 13. Ra5 c6 14. Ra1 Nd5 15. Nxd5 cxd5 16. c3 a5 17. Ne5 Ra6 18. Nd3 Qb6 19. Re3 Qb5 20. Ra4 Rc8 21. Rg3 Bxd3 22. Rxd3 Rb6 23. Bc1 Bd8 24. Rg3 g6 25. Ra3 Be7 26. Ra4 Ra6 27. Bf4 Qc6 28. Be5 b5 29. Ra2 b4 30. cxb4 Qc1 31. Qxc1 Rxc1+ 32. Kh2 Bxb4 33. Rd3 Rac6 34. Bf4 Rb1 35. Rf3 Rc2 36. h4 f6 37. h5 Kf7 38. Bc7 Rxc7 0-1

[Event "Titled Tuesday intern op 17th Jan Late"]
[Site "Chess.com INT"]
[Date "2023.01.17"]
[Round "4"]
[White "Yanchenko, Roman"]
[Black "Ozdemir, Serhan Berat"]
[Result "1-0"]
[WhiteElo "2466"]
[BlackElo "2200"]
[PlyCount "131"]
[EventDate "2023.01.17"]
[EventType "swiss (blitz)"]
[EventRounds "11"]
[EventCountry "USA"]
[SourceTitle "CBM 212 Extra"]
[Source "ChessBase"]
[SourceDate "2023.03.31"]
[SourceVersion "1"]
[SourceVersionDate "2023.03.31"]
[SourceQuality "1"]

1. d4 Nf6 2. c4 g6 3. Nf3 Bg7 4. Nc3 0-0 5. Bf4 c5 6. e3 d5 7. h3 Nc6 8. dxc5 Qa5 9. Qa4 Qxc5 10. Qb5 Qxb5 11. cxb5 Nb4 12. Rc1 Bf5 13. Ne5 Rac8 14. a3 d4 15. exd4 Nc2+ 16. Rxc2 Bxc2 17. Bc4 Nh5 18. Nd5 Nxf4 19. Nxe7+ Kh8 20. Nxc8 Rxc8 21. Nxf7+ Kg8 22. Nd6+ Rxc4 23. Nxc4 Bd3 24. Ne5 Bxb5 25. Kd2 Nxg2 26. Kc3 Nf4 27. Kb4 a6 28. Rc1 Bf8+ 29. Kb3 Ne2 30. Rd1 Bd6 31. Nc4 Be7 32. a4 Bd7 33. Ne5 Be6+ 34. d5 Bf7 35. Nxf7 Kxf7 36. Kc4 Nf4 37. d6 Bd8 38. Rd4 Ne6 39. Re4 Kf6 40. Kd5 Ng5 41. Re8 Nf7 42. d7 h5 43. b4 g5 44. f3 Kf5 45. a5 Kf6 46. Ke4 Kg6 47. f4 Kf6 48. fxg5+ Nxg5+ 49. Kd5 Nf7 50. Kd4 h4 51. Ke4 Kg6 52. Kf3 Kf5 53. Ke3 Kf6 54. Kf4 Kg6 55. Kg4 Kg7 56. Kh5 Kh7 57. Re6 Kg7 58. Kg4 Bf6 59. Rb6 Nd8 60. Kf5 Kf7 61. Rxf6+ Ke7 62. Rh6 Kxd7 63. Rxh4 Kc6 64. Rh6+ Kb5 65. Rb6+ Ka4 66. h4 1-0